Shapes in French - Statistics

General Stats
  • This quiz has been taken 34 times
    26 since last reset
  • The average score is 18 of 40
Answer Stats
Picture Hint Answer % Correct
Circle Un cercle
89%
Oval Un ovale
78%
Square Un carré
72%
Rectangle Un rectangle
72%
Triangle Un triangle
72%
Hexagon Un hexagone
67%
Cone Un cône
61%
Cube Un cube
61%
Pyramid Une pyramide
61%
Pentagon Un pentagone
61%
Cylinder Un cylindre
56%
Sphere Une sphère
56%
Octagon Un octagone
56%
Prism Un prisme
56%
Crescent Un croissant
50%
Semicircle Un demi-cercle
50%
Star Une étoile
50%
Round Rond
44%
Hemisphere Un hémisphère
44%
Equilateral triangle Un triangle équilatéral
44%
Straight Droit
39%
A shape Une forme
39%
Line Une ligne
39%
Parallelogram Un parallélogramme
39%
Trapezoid / trapezium Un trapèze
39%
Scalene triangle Un triangle scalène
39%
Circular Circulaire
33%
Parallel Parallèle
33%
Rectangular Rectangulaire
33%
Triangular Triangulaire
33%
Rhombus (diamond) Un losange
33%
Isosceles triangles Un triangle isocèle
33%
Wavy Ondulé
28%
Perpendicular Perpendiculaire
28%
Flat Plat
28%
Ring Un anneau
28%
Curved/curvy Courbé
22%
Curve Une courbe
22%
Right-angled triangle Un triangle rectangle
22%
Quadrilateral Un quadrilatère
6%
No matching quizzes found
Score Distribution
Percent of People with Each Score
Percentile by Number Answered
Your Score History
You have not taken this quiz since the last reset